Техника химического демонстрационного эксперимента: учебное пособие; пер. с нем.

Библиографические подробности
Главный автор: Рейнбольдт Г. Генрих
Язык:русский
Опубликовано: Москва, ОНТИ НКТП, 1935
Предметы:
Формат: Книга
Запись в KOHA:https://koha.lib.tpu.ru/cgi-bin/koha/opac-detail.pl?biblionumber=152039

MARC

LEADER 00000nam0a2200000 4500
001 152039
005 20231101221611.0
035 |a (RuTPU)RU\TPU\book\164862 
090 |a 152039 
100 |a 20090128d1935 m y0rusy50 ca 
101 1 |a rus  |c ger 
102 |a RU 
105 |a a j 001zy 
200 1 |a Техника химического демонстрационного эксперимента  |e учебное пособие  |e пер. с нем.  |f Г. Рейнбольдт 
210 |a Москва  |c ОНТИ НКТП  |d 1935 
215 |a 428 с.  |c ил. 
320 |a Авторский указатель: с. 411-416. 
320 |a Предметный указатель: с. 417-428. 
606 1 |a Химический эксперимент  |2 stltpush  |3 (RuTPU)RU\TPU\subj\72794  |9 86188 
610 1 |a неорганическая химия 
610 1 |a органическая химия 
610 1 |a демонстрационные эксперименты 
610 1 |a демонстрационная аппаратура 
610 1 |a конструирование 
610 1 |a газы 
610 1 |a получение 
610 1 |a реактивы 
610 1 |a учебные пособия 
675 |a 542(075.8)  |v 3 
700 1 |a Рейнбольдт  |b Г.  |g Генрих 
801 1 |a RU  |b 63413507  |c 20090128  |g PSBO 
801 2 |a RU  |b 63413507  |c 20221017  |g RCR 
942 |c BK